Gitano y obispo unidos en el martirio : (Record n. 35295)

Dettagli MARC
000 -LEADER
fixed length control field 01080nam a2200289 i 4500
003 - CONTROL NUMBER IDENTIFIER
control field IT-RoINE
005 - DATE AND TIME OF LATEST TRANSACTION
control field 20201005103244.0
008 - FIXED-LENGTH DATA ELEMENTS--GENERAL INFORMATION
fixed length control field 130322s2019 sp a |r 000||dspa|d
020 ## - INTERNATIONAL STANDARD BOOK NUMBER
International Standard Book Number 9788490559789
040 ## - CATALOGING SOURCE
Original cataloging agency IT-RoINE
100 1# - MAIN ENTRY--PERSONAL NAME
Personal name Ibarra Benlloch, Martín
9 (RLIN) 28791
245 10 - TITLE STATEMENT
Title Gitano y obispo unidos en el martirio :
Remainder of title los beatos Ceferino y Florentino de Barbastro /
Statement of responsibility, etc Martín Ibarra Benlloch.
260 ## - PUBLICATION, DISTRIBUTION, ETC. (IMPRINT)
Place of publication, distribution, etc Madrid :
Name of publisher, distributor, etc Encuentro,
Date of publication, distribution, etc 2019.
300 ## - PHYSICAL DESCRIPTION
Extent 146 p. :
Other physical details il. ;
Dimensions 22 cm.
336 ## - CONTENT TYPE
Source rdacontent
Content type term text
337 ## - MEDIA TYPE
Source rdamedia
Media type term unmediated
338 ## - CARRIER TYPE
Source rdacarrier
Carrier type term volume
490 1# - SERIES STATEMENT
Series statement 100xUNO ;
Volume number/sequential designation 56
490 1# - SERIES STATEMENT
Series statement Mártires del siglo XX ;
Volume number/sequential designation 8
504 ## - BIBLIOGRAPHY, ETC. NOTE
Bibliography, etc Fuentes y bibliografía empleada: p. 141-146.
600 04 - SUBJECT ADDED ENTRY--PERSONAL NAME
9 (RLIN) 6430
Personal name Ceferino Jimenéz Malla,
Titles and other words associated with a name Beato,
Dates associated with a name 1861-1936
General subdivision Biografía
600 04 - SUBJECT ADDED ENTRY--PERSONAL NAME
9 (RLIN) 6646
Personal name Florentino Asensio Barroso,
Titles and other words associated with a name Beato,
Dates associated with a name 1877-1936
General subdivision Biografía
650 #4 - SUBJECT ADDED ENTRY--TOPICAL TERM
Topical term or geographic name as entry element Mártires cristianos
Geographic subdivision España
-- Barbastro
Chronological subdivision 1936-1939 (Guerra civil)
9 (RLIN) 69436
830 #0 - SERIES ADDED ENTRY--UNIFORM TITLE
Uniform title 100xUNO ;
9 (RLIN) 59119
Volume number/sequential designation 56
830 #0 - SERIES ADDED ENTRY--UNIFORM TITLE
Uniform title Mártires del siglo XX ;
9 (RLIN) 59120
Volume number/sequential designation 8
942 ## - ADDED ENTRY ELEMENTS (KOHA)
Item type Monografías
Dati di copia
Withdrawn status Lost status Damaged status Not for loan Home library Current library Date acquired Total Checkouts Full call number Barcode Date last seen Price effective from Koha item type
        Iglesia Nacional Española en Roma Iglesia Nacional Española en Roma 05/10/2020   BIO 1337 63285 05/10/2020 05/10/2020 Monografías